Suomen luonnonpuistot - Statistics

Yleistilastot
  • Tätä visaa on pelattu 26 kertaa
  • Keskiarvotulos 6 / 19
Vastaustilastot
Perustamisvuosi Luonnonpuisto % Oikein
1938 Mallan luonnonpuisto
81%
1982 Kevon luonnonpuisto
76%
1981 Värriön luonnonpuisto
52%
1956 Sompion luonnonpuisto
48%
1956 Vesiajon luonnonpuisto
43%
1982 Koivusuon luonnonpuisto
38%
1956 Maltion luonnonpuisto
29%
1956 Sinivuoren luonnonpuisto
29%
1956 Paljakan luonnonpuisto
24%
1938 Pisavaaran luonnonpuisto
24%
1956 Runkauksen luonnonpuisto
24%
1956 Vaskijärven luonnonpuisto
24%
1981 Pelson luonnonpuisto
19%
1981 Sukerijärven luonnonpuisto
19%
1956 Ulvinsalon luonnonpuisto
19%
1982 Olvassuon luonnonpuisto
14%
1958 Häädetkeitaan luonnonpuisto
10%
1964 Karkalin luonnonpuisto
10%
1956 Salamanperän luonnonpuisto
10%
Ehtoja vastaavia visoja ei löytynyt
Tulosjakauma
Jokaisen tuloksen saaneiden osuus
Persentiili vastausten määrän mukaan
Tuloshistoriasi
Et ole pelannut tätä visaa